000 01114cam a22003257a 4500
003 CHAP
005 20220817041915.0
008 971013s1981 r 00010 d
010 _a28366
011 _a29338
035 _a33449
040 _cCHAP
090 _aFolleto 7638
100 0 0 _aMcIntire, John.
_973603
245 0 _aFood sucurity in the Sahel
_b: variable import Levy, grain reserves, and foreing exchange assistance
260 _aWashington :
_bInternational Food Policy Research Institute,
_c1981
300 _a70 p.
_b; gráfs
410 _aInternational Food Policy Research Institute
490 0 _aResearch report
_v; 26
590 _aBATCH-UPD
_b10
_c20130110
_lUCH01
_h0128
590 _aBATCH-UPD
_b10
_c20130110
_lUCH01
_h2139
590 _aCONVERSION
_b10
_c20130109
_lUCH01
_h1316
650 1 4 _aAlimentos
_xAbastecimiento
_xSahel.
_94141
650 1 4 _aAlimentos
_xConsumo
_xSahel.
_94198
810 _aInternational Food Policy Research Institute
830 0 _aResearch report
_v; 26
_996080
901 _aBK
942 _cFOLL
949 _aFolleto 7638
_bBC
_cFOLL
_d-77827
_eTS1
_i33449
_mD
_si
999 _c28366
_d28366